Capitali del Mondo - Europa - Statistics

Statistiche generali
  • Questo quiz è stato fatto 482 volte
  • Il punteggio medio è 36 su 45
Statistiche sulle risposte
Stato Capitale % Corretto
Germania Berlino
97%
Grecia Atene
96%
Russia Mosca
96%
San Marino Città di San Marino
94%
Spagna Madrid
94%
Italia Roma
93%
Città del Vaticano Città del Vaticano
92%
Ucraina Kiev
92%
Portogallo Lisbona
92%
Regno Unito Londra
92%
Principato di Monaco Monaco
92%
Norvegia Oslo
91%
Francia Parigi
91%
Paesi Bassi Amsterdam
88%
Svizzera Berna
88%
Belgio Bruxelles
88%
Svezia Stoccolma
88%
Danimarca Copenaghen
87%
Lussemburgo Lussemburgo
87%
Bulgaria Sofia
87%
Polonia Varsavia
86%
Finlandia Helsinki
85%
Romania Bucarest
84%
Repubblica Ceca Praga
84%
Albania Tirana
84%
Irlanda Dublino
83%
Malta La Valletta
82%
Austria Vienna
82%
Lettonia Riga
80%
Bosnia ed Erzegovina Sarajevo
79%
Ungheria Budapest
78%
Bielorussia Minsk
77%
Croazia Zagabria
76%
Estonia Tallinn
72%
Andorra Andorra la Vella
68%
Islanda Reykjavík
68%
Liechtenstein Vaduz
67%
Slovenia Lubiana
66%
Serbia Belgrado
65%
Macedonia del Nord Skopje
61%
Slovacchia Bratislava
60%
Lituania Vilnius
60%
Montenegro Podgorica
56%
Moldavia Chișinău
54%
Kosovo Pristina
52%
Nessun quiz corrispondente trovato
Distribuzione punteggi
Percentuale di utenti per punteggio
Percentile per numero di risposta
I tuoi punteggi nel tempo
Non hai fatto questo quiz